Normal view
MARC view
- Life of the Prophet of Islam
Entry Topical Term
001 - CONTROL NUMBER
- control field: 112834
003 - CONTROL NUMBER IDENTIFIER
- control field: NUST
005 - DATE AND TIME OF LATEST TRANSACTION
- control field: 20230530072703.0
008 - FIXED-LENGTH DATA ELEMENTS
- fixed length control field: 230530|| aca||aabn | a|a d
040 ## - CATALOGING SOURCE
- Original cataloging agency: NUST
- Transcribing agency: NUST
150 ## - HEADING--TOPICAL TERM
- Topical term or geographic name entry element: Life of the Prophet of Islam
670 ## - SOURCE DATA FOUND
- Source citation: Work cat.: (NUST)194101: Naeem Siddiqui 64634, Mohsin e Insaniyat /, 2004
